[Event "25th Dubai Open A 2025"]
[Site "Dubai UAE"]
[Date "2025.06.03"]
[Round "8.10"]
[White "Pham Tran Gia Phuc"]
[Black "Kacharava, Nikolozi"]
[Result "1-0"]
[WhiteTitle "IM"]
[BlackTitle "GM"]
[WhiteElo "2424"]
[BlackElo "2516"]
[WhiteFideId "12415669"]
[BlackFideId "13611860"]
[EventDate "2025.05.27"]

1. d4 d5 2. c4 e6 3. Nc3 Nf6 4. cxd5 exd5 5. Bg5 c6 6. e3 h6 7. Bh4 Be7 8. Bd3
O-O 9. Nge2 Re8 10. O-O a5 11. Qc2 Na6 12. a3 Nc7 13. f3 c5 14. Bxf6 Bxf6 15.
dxc5 Rxe3 16. Rad1 Qe7 17. Nf4 Be6 18. Nxe6 fxe6 19. Kh1 Na6 20. Na4 Qc7 21. Qf2
d4 22. Qc2 Rd8 23. c6 Rc8 24. Rc1 Qb8 25. Bb5 Qa7 26. Qg6 bxc6 27. Rxc6 Rxc6 28.
Qe8+ Kh7 29. Qxc6 Nb8 30. Bd3+ g6 31. Qc2 Qf7 32. Nb6 Re5 33. Qc8 Qg8 34. Qc7+
Bg7 35. Nc8 Qe8 36. Ne7 Rf5 37. Nxf5 exf5 38. b4 axb4 39. axb4 h5 40. Bc4 Kh6
41. b5 Be5 42. Re1 Nd7 43. Qc6 Qd8 44. g3 Qa5 45. Re2 Qc3 46. Bf7 Bf6 47. Qxc3
dxc3 48. Kg2 Bd4 49. Bb3 Nc5 50. Bc2 Kg7 51. Re7+ Kf6 52. Rc7 Ne6 53. Rc6 Ke7
54. b6 Be5 55. f4 Nd4 56. Rxc3 1-0

[Event "25th Dubai Open A 2025"]
[Site "Dubai UAE"]
[Date "2025.06.03"]
[Round "8.11"]
[White "Borgaonkar, Akshay"]
[Black "Muradli, Mahammad"]
[Result "0-1"]
[WhiteTitle "FM"]
[BlackTitle "GM"]
[WhiteElo "2453"]
[BlackElo "2603"]
[WhiteFideId "25639110"]
[BlackFideId "13409301"]
[EventDate "2025.05.27"]

1. e4 c5 2. Nf3 d6 3. d4 cxd4 4. Nxd4 Nf6 5. Nc3 a6 6. Rg1 Nc6 7. g4 h6 8. h4 g6
9. g5 hxg5 10. hxg5 Nd7 11. Be3 Bg7 12. Qd2 Nde5 13. Be2 Ng4 14. Nxc6 bxc6 15.
Bd4 e5 16. Be3 Nxe3 17. fxe3 Be6 18. O-O-O Bf8 19. Na4 Rh2 20. Qd3 Qa5 21. b3
Be7 22. Rh1 Rxh1 23. Rxh1 Rd8 24. Rh8+ Kd7 25. Rxd8+ Kxd8 26. Kd1 Qb4 27. Qxa6
Bxg5 28. Qxc6 Bxe3 29. c3 Qa3 30. Nb2 Bd7 31. Qd5 Qxb2 32. Bf3 Qxc3 33. Qxd6 Ke8 0-1

[Event "25th Dubai Open A 2025"]
[Site "Dubai UAE"]
[Date "2025.06.03"]
[Round "8.12"]
[White "Pranav, Anand"]
[Black "Stribuk, Artiom"]
[Result "1/2-1/2"]
[WhiteTitle "GM"]
[BlackTitle "IM"]
[WhiteElo "2555"]
[BlackElo "2433"]
[WhiteFideId "46626786"]
[BlackFideId "13515659"]
[EventDate "2025.05.27"]

1. d4 Nf6 2. c4 g6 3. f3 e6 4. e4 c5 5. d5 d6 6. Nc3 Bg7 7. Nge2 exd5 8. cxd5 a6
9. a4 Nbd7 10. Ng3 h5 11. Be2 h4 12. Nf1 Nh7 13. Ne3 O-O 14. O-O Re8 15. Kh1 b6
16. Bd2 Rb8 17. Qc2 Bd4 18. Nc4 Ne5 19. Nxe5 Bxe5 20. f4 Bd4 21. Bd3 h3 22. g3
f5 23. exf5 Bb7 24. Rfe1 Nf6 25. Bf1 Kg7 26. Rxe8 Qxe8 27. Bxh3 Qh8 28. Bg2 Ng4
29. h4 Nf2+ 30. Kh2 Ng4+ 31. Kh1 Nf2+ 32. Kg1 Ng4+ 33. Kh1 1/2-1/2

[Event "25th Dubai Open A 2025"]
[Site "Dubai UAE"]
[Date "2025.06.03"]
[Round "8.13"]
[White "Aswath, S"]
[Black "Davtyan, Arsen"]
[Result "1-0"]
[WhiteTitle "IM"]
[BlackTitle "IM"]
[WhiteElo "2515"]
[BlackElo "2402"]
[WhiteFideId "46694919"]
[BlackFideId "13309315"]
[EventDate "2025.05.27"]

1. d4 Nf6 2. c4 e6 3. g3 d5 4. Bg2 Bb4+ 5. Nd2 O-O 6. Nf3 b6 7. O-O Bb7 8. b3
Nbd7 9. Bb2 a5 10. Qc2 Ne4 11. a3 Be7 12. Rac1 c5 13. cxd5 exd5 14. Nxe4 dxe4
15. Nd2 f5 16. dxc5 Nxc5 17. Nc4 a4 18. Rfd1 Qc7 19. b4 Nb3 20. Ne3 Qc8 21. Qc4+
Qxc4 22. Rxc4 Bf6 23. Bxf6 Rxf6 24. Rc7 Bc8 25. Nd5 Rf8 26. Nxb6 Rb8 27. Nxa4
Rb7 28. Rxb7 Bxb7 29. Nb6 Ba6 30. Bf1 f4 31. a4 e3 32. fxe3 fxe3 33. Nd5 g5 34.
Nxe3 Re8 35. Nd5 1-0

[Event "25th Dubai Open A 2025"]
[Site "Dubai UAE"]
[Date "2025.06.03"]
[Round "8.14"]
[White "Parkhov, Yair"]
[Black "Celik, Hasan Huseyin"]
[Result "1-0"]
[WhiteTitle "GM"]
[BlackTitle "IM"]
[WhiteElo "2514"]
[BlackElo "2440"]
[WhiteFideId "2813408"]
[BlackFideId "44506759"]
[EventDate "2025.05.27"]

1. e4 e6 2. d4 d5 3. Nc3 Be7 4. Nf3 Nf6 5. exd5 exd5 6. Bd3 O-O 7. h3 c5 8. dxc5
Bxc5 9. O-O Be6 10. Bg5 h6 11. Bh4 Nbd7 12. Nb5 Qb6 13. a4 a6 14. a5 Qd8 15.
Nbd4 Bb4 16. Nxe6 fxe6 17. Qe2 Re8 18. Bg6 Re7 19. c4 Bxa5 20. Ra3 Nf8 21. Ne5
Nxg6 22. Bxf6 gxf6 23. Nxg6 Re8 24. Qh5 Qc7 25. cxd5 Bb6 26. d6 Qf7 27. Ne7+
Rxe7 28. Qg4+ Qg7 29. dxe7 Qxg4 30. hxg4 Bd4 31. Rc1 Be5 32. Rd1 Re8 33. Rd7
Bxb2 34. Rb3 Bc1 35. Rbxb7 Kf7 36. Ra7 Ba3 37. Rxa6 Bxe7 38. g3 e5 39. Kg2 Kg6
40. Raa7 Bf8 41. Ra6 Bg7 42. Kh3 e4 43. Raa7 Bf8 44. Kg2 h5 45. gxh5+ Kxh5 46.
Ra2 Kg6 47. Rd5 Re6 48. g4 Bh6 49. Re2 Bf4 50. Rf5 Bc1 51. Kg3 e3 52. Kg2 Re4
53. Kf3 Rc4 54. fxe3 Rc3 55. Rd5 Kh6 56. Ke4 Kg6 57. Rd3 Rc4+ 58. Kf3 Rb4 59.
Re1 Rc4 60. Rb3 Bd2 61. Rd1 Ba5 62. Rd7 Rc7 63. Rxc7 Bxc7 64. Rb5 Bh2 65. Ke4
Bg3 66. Rh5 Be1 67. Kd5 Bc3 68. Rf5 Bb2 69. Ke4 Ba3 70. Rd5 Bf8 71. Kd3 Ba3 72.
Rd8 Bb2 73. Ke4 Bc1 74. Rg8+ Kf7 75. Rc8 1-0

[Event "25th Dubai Open A 2025"]
[Site "Dubai UAE"]
[Date "2025.06.03"]
[Round "8.15"]
[White "Bronstein, Or"]
[Black "Boruchovsky, Avital"]
[Result "1-0"]
[WhiteTitle "IM"]
[BlackTitle "GM"]
[WhiteElo "2443"]
[BlackElo "2513"]
[WhiteFideId "2815770"]
[BlackFideId "2800055"]
[EventDate "2025.05.27"]

1. d4 d5 2. c4 c6 3. Nf3 Nf6 4. e3 Bf5 5. Nc3 e6 6. Nh4 Be4 7. f3 Bg6 8. Qb3 Qc7
9. Bd2 Be7 10. Nxg6 hxg6 11. O-O-O dxc4 12. Qxc4 a6 13. g4 b5 14. Qe2 Nbd7 15.
Kb1 Nb6 16. Qg2 Rd8 17. Rc1 c5 18. dxc5 Nc4 19. Bxc4 bxc4 20. g5 Nd7 21. Ne4
Nxc5 22. Rxc4 Qe5 23. Bc3 Qd5 24. Rd4 Nxe4 25. Rxd5 Nxc3+ 26. bxc3 Rxd5 27. f4
O-O 28. Kc2 Rfd8 29. Rb1 Ra5 30. Rb2 Ba3 31. Rb7 Bc5 32. Qc6 Rxa2+ 33. Kb3 Ra3+
34. Kc4 Bxe3 35. Qc7 Rf8 36. Rb8 Rxb8 37. Qxb8+ Kh7 38. Kb4 Bc1 39. Qc7 a5+ 40.
Kb5 a4 41. h4 Kg8 42. Qd8+ Kh7 43. Qc7 Kg8 44. c4 Ra2 45. Kc6 a3 46. Qb8+ Kh7
47. Qb1 Rf2 48. Qxc1 a2 49. Qa3 1-0

[Event "25th Dubai Open A 2025"]
[Site "Dubai UAE"]
[Date "2025.06.03"]
[Round "8.16"]
[White "Liyanage, Ranindu Dilshan"]
[Black "Md Imran"]
[Result "1/2-1/2"]
[WhiteTitle "IM"]
[BlackTitle "IM"]
[WhiteElo "2387"]
[BlackElo "2472"]
[WhiteFideId "9915834"]
[BlackFideId "25748580"]
[EventDate "2025.05.27"]

1. e4 c5 2. c3 Nf6 3. e5 Nd5 4. Bc4 Nb6 5. Bb3 c4 6. Bc2 Nc6 7. Nf3 d6 8. exd6
Qxd6 9. Na3 Qe6+ 10. Kf1 Qd5 11. Qe2 Bg4 12. Be4 Qe6 13. h3 Bh5 14. b3 f5 15.
Bc2 Qxe2+ 16. Kxe2 g6 17. Rg1 Bxf3+ 18. gxf3 cxb3 19. axb3 Nd5 20. b4 O-O-O 21.
Nc4 a6 22. Kf1 Bh6 23. h4 e6 24. Ne3 Nf6 25. Nc4 Kc7 26. Kg2 Nd5 27. Re1 Rhe8
28. Kf1 Bg7 29. Rb1 Bf6 30. b5 axb5 31. Na3 b4 32. Nb5+ Kb6 33. c4 Nc7 34. Ba4
Nxb5 35. Bxb5 Bxh4 36. d4 Bf6 37. Rd1 Bxd4 38. Bg5 Rd6 39. Rxb4 Bc5 40. Rbb1
Rxd1+ 41. Rxd1 Ra8 42. Rd7 Ra1+ 43. Kg2 Ra2 44. Bh4 h6 45. Bg3 e5 46. Bxc6 bxc6
47. Bxe5 Rxf2+ 48. Kg3 Re2 49. f4 Re3+ 50. Kg2 Re2+ 51. Kg3 g5 52. Rf7 h5 53.
Bc7+ Ka6 54. fxg5 Re4 1/2-1/2

[Event "25th Dubai Open A 2025"]
[Site "Dubai UAE"]
[Date "2025.06.03"]
[Round "8.17"]
[White "Jubin, Jimmy"]
[Black "Srihari, L R"]
[Result "1/2-1/2"]
[WhiteTitle "IM"]
[BlackTitle "IM"]
[WhiteElo "2449"]
[BlackElo "2468"]
[WhiteFideId "46686614"]
[BlackFideId "46617116"]
[EventDate "2025.05.27"]

1. d4 e6 2. c4 b6 3. a3 Bb7 4. Nc3 Nf6 5. d5 Bd6 6. Nf3 exd5 7. cxd5 Qe7 8. Bg5
Na6 9. Qd4 Nc5 10. Rd1 a5 11. e3 h6 12. Bh4 a4 13. Nb5 Nce4 14. Bd3 Ra5 15. O-O
g5 16. Bg3 Nxg3 17. hxg3 Bc5 18. Nxc7+ Kd8 19. d6 Qxd6 20. Nb5 Qxd4 21. exd4 Be7
22. Ne5 Rf8 23. Nc3 Nd5 24. Rc1 Nxc3 25. Rxc3 b5 26. Rfc1 Bd6 27. Bf5 Bxe5 28.
dxe5 Bc6 29. Rd1 Ke7 30. f4 Rg8 31. Rc2 Ra7 32. Rd6 Rb7 33. Rcd2 h5 34. R6d4
gxf4 35. gxf4 Rg3 36. Bh3 b4 37. axb4 Rb3 38. b5 R3xb5 39. Rxa4 Rxe5 40. Rad4
Reb5 41. Re2+ Kd8 42. Rc2 Ke7 43. Re2+ Kf8 44. Rdd2 Rb4 45. Rf2 R4b5 46. Kh2 Rb3 1/2-1/2

[Event "25th Dubai Open A 2025"]
[Site "Dubai UAE"]
[Date "2025.06.03"]
[Round "8.18"]
[White "Ayush, Sharma"]
[Black "Talibov, Shiroghlan"]
[Result "1-0"]
[WhiteTitle "IM"]
[BlackTitle "IM"]
[WhiteElo "2478"]
[BlackElo "2423"]
[WhiteFideId "45010943"]
[BlackFideId "13429078"]
[EventDate "2025.05.27"]

1. e4 c5 2. Nf3 e6 3. d4 cxd4 4. Nxd4 Nf6 5. Nc3 Nc6 6. g3 d5 7. exd5 exd5 8.
Bg2 Bb4 9. Qe2+ Qe7 10. Qxe7+ Kxe7 11. Be3 Bxc3+ 12. bxc3 Nxd4 13. Bxd4 Be6 14.
a4 Rhc8 15. O-O Kf8 16. a5 Ne4 17. Ra3 Nd6 18. Rb1 a6 19. Bf1 Bd7 20. Rb6 Nc4
21. Bxc4 dxc4 22. Rxb7 Bf5 23. Ra1 Be4 24. Rb6 Bxc2 25. f3 Re8 26. Kf2 Bd3 27.
Bc5+ Kg8 28. Re1 Rxe1 29. Kxe1 h5 30. Kf2 Re8 31. Rxa6 Re2+ 32. Kg1 Bf5 33. Ra8+
Kh7 34. a6 Bh3 35. a7 Rg2+ 36. Kf1 Ra2+ 37. Ke1 Bg2 38. Rf8 Bxf3 39. Rxf7 Be4
40. Bd4 Rxh2 41. Rxg7+ Kh6 42. Re7 Bf3 43. Re3 Bd5 44. Re6+ Kh7 45. Ra6 Ba8 46.
Bf2 Rh1+ 47. Ke2 Rb1 48. Ke3 Rd1 49. Kf4 Rd3 50. Kg5 Rd5+ 51. Kh4 Re5 52. Bd4
Rf5 53. Re6 Bf3 54. Re3 Bg2 55. Re2 Bh1 56. g4 Ra5 57. gxh5 Bf3 58. Re7+ Kg8 59.
h6 1-0

[Event "25th Dubai Open A 2025"]
[Site "Dubai UAE"]
[Date "2025.06.03"]
[Round "8.19"]
[White "Jiang, Haochen"]
[Black "Royal, Shreyas"]
[Result "1/2-1/2"]
[BlackTitle "GM"]
[WhiteElo "2439"]
[BlackElo "2493"]
[WhiteFideId "8631930"]
[BlackFideId "448869"]
[EventDate "2025.05.27"]

1. e4 c6 2. d4 d5 3. e5 Bf5 4. Be2 e6 5. Nf3 a6 6. O-O Bg6 7. Nbd2 c5 8. c4 Nc6
9. cxd5 exd5 10. a3 Rc8 11. dxc5 Bxc5 12. b4 Ba7 13. Bb2 Nge7 14. Rc1 O-O 15.
Nb3 Be4 16. Nc5 Bxc5 17. Rxc5 Ng6 18. Qd2 Bxf3 19. Bxf3 Ncxe5 20. Bxe5 1/2-1/2

[Event "25th Dubai Open A 2025"]
[Site "Dubai UAE"]
[Date "2025.06.03"]
[Round "8.21"]
[White "Shyaam Nikhil P"]
[Black "Siddharth, Jagadeesh"]
[Result "0-1"]
[WhiteTitle "GM"]
[BlackTitle "GM"]
[WhiteElo "2430"]
[BlackElo "2472"]
[WhiteFideId "5024218"]
[BlackFideId "5818320"]
[EventDate "2025.05.27"]

1. d4 d5 2. Nf3 Nf6 3. c4 e6 4. Nc3 Be7 5. Bf4 O-O 6. e3 b6 7. Qc2 c5 8. dxc5
bxc5 9. Rd1 Nc6 10. Be2 Qb6 11. O-O Bb7 12. a3 h6 13. Bg3 Rad8 14. Na4 Qa5 15.
Nc3 Qb6 16. cxd5 exd5 17. Bh4 g5 18. Bg3 Rfe8 19. h4 g4 20. Nh2 Bc8 21. Na4 Qa5
22. b4 cxb4 23. Qxc6 Bd7 24. axb4 Qxb4 25. Qc7 Rc8 26. Qf4 Qxf4 27. Bxf4 Bxa4
28. Ra1 Bd7 29. Bxh6 Rc2 30. Bd1 Rb2 31. Rxa7 g3 32. fxg3 Bc5 33. Ra5 Bb6 34.
Ra3 Ne4 35. Bh5 Kh7 36. Bf4 d4 37. Nf3 Bc5 38. Ra5 Bb6 39. Ng5+ Nxg5 40. Bxg5
dxe3 41. Rxf7+ Kg8 42. Ra1 Bg4 43. Bg6 e2+ 0-1

[Event "25th Dubai Open A 2025"]
[Site "Dubai UAE"]
[Date "2025.06.03"]
[Round "8.22"]
[White "Tsaruk, Maksim"]
[Black "Shyam, Sundar M."]
[Result "1/2-1/2"]
[WhiteTitle "IM"]
[BlackTitle "GM"]
[WhiteElo "2431"]
[BlackElo "2462"]
[WhiteFideId "13511173"]
[BlackFideId "5019141"]
[EventDate "2025.05.27"]

1. e4 c5 2. Nf3 Nc6 3. d4 cxd4 4. Nxd4 Nf6 5. Nc3 d6 6. Bg5 e6 7. Qd2 a6 8.
O-O-O Be7 9. f4 Bd7 10. Nf3 b5 11. Bxf6 gxf6 12. Kb1 Qb6 13. f5 O-O-O 14. Qh6
Ne5 15. Qh5 Kb8 16. Bd3 Be8 17. Ne2 Rc8 18. Rhe1 b4 19. fxe6 fxe6 20. Qh3 Nxd3
21. Rxd3 d5 22. Nf4 Qc7 23. Nd4 Qxf4 24. Qxe6 Qd6 25. exd5 Qxe6 26. Rxe6 Bc5 27.
Rxa6 Bg6 28. Rb3 Kb7 29. Rxf6 Rhf8 30. Rxf8 Rxf8 31. Rf3 Rxf3 32. Nxf3 Kc7 33.
Kc1 Be3+ 34. Kd1 Kd6 35. Ke2 Bc1 36. c3 bxc3 37. bxc3 Kxd5 38. c4+ Kd6 39. a4
Bb2 40. Ke3 Kc5 41. Kf4 Kxc4 42. Ne5+ Bxe5+ 43. Kxe5 Kb4 44. g4 Kxa4 45. h4 Kb4
46. h5 Bc2 47. g5 Kc5 48. g6 Bxg6 49. hxg6 hxg6 50. Kf6 Kd5 51. Kxg6 Ke5 1/2-1/2

[Event "25th Dubai Open A 2025"]
[Site "Dubai UAE"]
[Date "2025.06.03"]
[Round "8.23"]
[White "Dotzer, Lukas"]
[Black "Tudor, Henry Edward"]
[Result "1-0"]
[WhiteTitle "IM"]
[BlackTitle "FM"]
[WhiteElo "2455"]
[BlackElo "2376"]
[WhiteFideId "1666975"]
[BlackFideId "2409836"]
[EventDate "2025.05.27"]

1. e4 c5 2. Nf3 e6 3. d4 cxd4 4. Nxd4 a6 5. a3 b5 6. a4 b4 7. Bd3 Qc7 8. Qe2 Bb7
9. Nd2 d6 10. Nc4 Nf6 11. Bd2 d5 12. exd5 Bxd5 13. Ne3 Bb7 14. Nef5 Nc6 15. Nxe6
fxe6 16. Qxe6+ Kd8 17. O-O-O Bc8 18. Qc4 Na5 19. Qh4 Nb3+ 20. Kb1 Nxd2+ 21. Rxd2
Bb7 22. Nd4 Kc8 23. Ne6 Qe5 24. Nxf8 Rxf8 25. Qxb4 Rd8 26. f4 Qc7 27. Re1 Kb8
28. Re7 a5 29. Qa3 Rd7 30. Rde2 Nd5 31. Rxd7 Qxd7 32. Qc5 Nxf4 33. Qf8+ Ka7 34.
Qc5+ Kb8 35. Qf8+ Ka7 36. Qxf4 Re8 37. Qf2+ Ka8 38. Qf5 Qd8 39. Rxe8 Qxe8 40.
Qxa5+ Kb8 41. Qb4 Qc6 42. a5 Ka7 43. a6 Ba8 44. Qd4+ Kb8 45. Qxg7 Qe6 46. a7+
Kc8 47. Qf8+ Kb7 48. Qb8+ 1-0

[Event "25th Dubai Open A 2025"]
[Site "Dubai UAE"]
[Date "2025.06.03"]
[Round "8.25"]
[White "Ashraf, Artin"]
[Black "Nitish, Belurkar"]
[Result "1-0"]
[WhiteTitle "FM"]
[BlackTitle "IM"]
[WhiteElo "2407"]
[BlackElo "2454"]
[WhiteFideId "22514805"]
[BlackFideId "5084768"]
[EventDate "2025.05.27"]

1. e4 e5 2. Nf3 Nc6 3. Bb5 a6 4. Ba4 Nf6 5. O-O Nxe4 6. d4 b5 7. Bb3 d5 8. dxe5
Be6 9. c3 Bc5 10. Nbd2 O-O 11. Bc2 Nxf2 12. Rxf2 f6 13. Nf1 Bxf2+ 14. Kxf2 fxe5
15. Kg1 Qd6 16. Be3 Rad8 17. Qe1 Bf5 18. Bb3 Na5 19. Qf2 Nb7 20. Re1 Rde8 21.
Rd1 c6 22. Qg3 Nc5 23. Re1 Nd3 24. Re2 h6 25. Bd4 Nf4 26. Rxe5 Qxe5 27. Bxe5
Ne2+ 28. Kf2 Nxg3 29. Nxg3 Bd3 30. Bd4 a5 31. Bd1 b4 32. cxb4 axb4 33. Bc5 Rf4
34. Bd6 Rf7 35. Bxb4 Rb8 36. Bc3 Bc4 37. b3 Bd3 38. b4 Bc4 39. a3 Ra7 40. a4 c5
41. bxc5 Bb3 42. Be5 Rb4 43. Bxb3 Rxb3 44. Nf5 Rb4 45. c6 Rc4 46. N3d4 Raxa4 47.
Bxg7 Ra2+ 48. Kg3 Rc3+ 49. Nf3 Rxc6 50. Ne7+ Kxg7 51. Nxc6 Kf6 52. Nb4 Ra5 53.
Nd4 Ra4 54. Nbc6 Ra3+ 55. Kh4 Ra2 56. Kh3 Ra3+ 57. g3 Ra2 58. Nb4 Rd2 59. Nf3
Rd1 60. Nc2 Rd3 61. Ncd4 Re3 62. Kg4 Kg6 63. Nh4+ Kh7 64. Kf5 Re4 65. Nhf3 Re3
66. Ne5 Re4 67. Ndf3 Re2 68. Ke6 d4 69. Kd5 Kg7 70. Kxd4 Kf6 71. Ng4+ Kg6 72.
Ne3 Ra2 73. Ke4 Ra4+ 74. Nd4 Ra2 75. h3 Rh2 76. Ne6 Rh1 77. Kf3 Kf6 78. Nf4 Kg5
79. h4+ Rxh4 80. Ne6+ Kh5 81. Ng2 1-0

[Event "25th Dubai Open A 2025"]
[Site "Dubai UAE"]
[Date "2025.06.03"]
[Round "8.26"]
[White "Kushagra, Mohan"]
[Black "Neelash, Saha"]
[Result "1/2-1/2"]
[WhiteTitle "IM"]
[BlackTitle "IM"]
[WhiteElo "2400"]
[BlackElo "2445"]
[WhiteFideId "25033638"]
[BlackFideId "5094160"]
[EventDate "2025.05.27"]

1. e4 d5 2. exd5 Qxd5 3. Nc3 Qa5 4. d4 Nf6 5. Nf3 Bf5 6. Bc4 e6 7. Bd2 Bb4 8.
O-O O-O 9. a3 Bxc3 10. Bxc3 Qb6 1/2-1/2

[Event "25th Dubai Open A 2025"]
[Site "Dubai UAE"]
[Date "2025.06.03"]
[Round "8.27"]
[White "Iniyan, Pa"]
[Black "Harikrishnan, A. Ra"]
[Result "1-0"]
[WhiteTitle "GM"]
[BlackTitle "IM"]
[WhiteElo "2573"]
[BlackElo "2467"]
[WhiteFideId "25002767"]
[BlackFideId "5081483"]
[EventDate "2025.05.27"]

1. d4 d5 2. c4 c6 3. Nf3 Nf6 4. Nc3 dxc4 5. a4 Bf5 6. Nh4 Bg4 7. h3 Bh5 8. g4
Bg6 9. Nxg6 hxg6 10. e4 e6 11. g5 Nh5 12. Bxc4 Nd7 13. Be3 Bd6 14. e5 Be7 15.
Rg1 Nb6 16. Qb3 Nf4 17. Bf1 Nfd5 18. Bd2 a5 19. Rg4 Bb4 20. Bg2 Ne7 21. Ne4
Bxd2+ 22. Kxd2 Nf5 23. Rd1 Nxd4 24. Nd6+ Qxd6 25. Qxb6 Qc5 26. Qxc5 Nb3+ 27. Kc3
Nxc5 28. Rgd4 Rc8 29. h4 Na6 30. Kc4 Rb8 31. Bf3 Nb4 32. Kc5 b6+ 33. Kd6 c5 34.
Rxb4 Rd8+ 1-0

[Event "25th Dubai Open A 2025"]
[Site "Dubai UAE"]
[Date "2025.06.03"]
[Round "8.28"]
[White "Gavrilescu, David"]
[Black "Piliposyan, Robert"]
[Result "1-0"]
[WhiteTitle "GM"]
[BlackTitle "IM"]
[WhiteElo "2554"]
[BlackElo "2416"]
[WhiteFideId "1227190"]
[BlackFideId "13309978"]
[EventDate "2025.05.27"]

1. e4 e5 2. Nf3 Nc6 3. Nc3 Nf6 4. Nd5 Nxe4 5. d4 d6 6. Bb5 a6 7. Ba4 b5 8. Bb3
Na5 9. Qe2 f5 10. O-O Nxb3 11. axb3 c6 12. Nb4 Qc7 13. Nd3 Be7 14. dxe5 dxe5 15.
Nfxe5 O-O 16. f3 Nf6 17. c4 Re8 18. Bf4 Nh5 19. Bd2 Bd6 20. Rfe1 Be6 21. Qf2
Bxc4 22. bxc4 Bxe5 23. Nxe5 Rxe5 24. Bc3 Ree8 25. Rxa6 Qc8 26. Rxe8+ Qxe8 27.
Rxa8 Qxa8 28. Qe3 Kf7 29. cxb5 cxb5 30. Qc5 Kg6 31. g4 fxg4 32. fxg4 Nf6 33.
Qf5+ Kf7 34. Bxf6 Qa1+ 35. Kg2 gxf6 36. Qxh7+ Kf8 37. Qh6+ Ke7 38. Qe3+ Kf7 39.
Qb3+ Kg7 40. Qxb5 Qa8+ 41. Kg3 Qe4 42. Qd7+ Kh6 43. Qf5 Qe3+ 44. Qf3 Qg1+ 45.
Kh3 Qd4 46. b3 Kg7 47. Qg3 Qe4 48. Qc3 Qf4 49. b4 Qf1+ 50. Kh4 Qf2+ 51. Kh3 Qf1+
52. Kg3 Qg1+ 53. Kf3 Qxh2 54. Qd4 Qh3+ 55. Kf4 Qf1+ 56. Ke4 Qg2+ 57. Kf5 Qf3+
58. Ke6 Qc6+ 59. Ke7 Qb7+ 60. Kd6 Qb8+ 61. Kc6 Qc8+ 62. Kb5 Qb7+ 63. Qb6 Qd5+
64. Ka6 Qa2+ 65. Kb7 Qg2+ 66. Qc6 Qxg4 67. b5 f5 68. b6 f4 69. Ka8 f3 70. b7 f2
71. Qc3+ Kh7 72. Qc2+ Qg6 73. Qxf2 Qa6+ 74. Qa7 Qc6 75. Qa5 Qe4 76. Qc5 Qa4+ 77.
Kb8 Qe8+ 78. Qc8 Qb5 79. Qc3 Qe8+ 80. Ka7 Qd7 81. Qc2+ Kg7 82. Qe4 Qc7 83. Qd5
Qe7 84. Qd4+ Kf7 85. Kb6 Qe6+ 86. Kc7 1-0

[Event "25th Dubai Open A 2025"]
[Site "Dubai UAE"]
[Date "2025.06.03"]
[Round "8.29"]
[White "Zhang, Di"]
[Black "Muthaiah, AL"]
[Result "1/2-1/2"]
[BlackTitle "IM"]
[WhiteElo "2410"]
[BlackElo "2487"]
[WhiteFideId "8616590"]
[BlackFideId "5092442"]
[EventDate "2025.05.27"]

1. e4 e6 2. Nf3 d5 3. e5 c5 4. c3 Nc6 5. Na3 f6 6. d4 cxd4 7. cxd4 fxe5 8. dxe5
Bb4+ 9. Bd2 Bxd2+ 10. Qxd2 Nge7 11. Bd3 O-O 12. Nc2 Bd7 13. O-O-O h6 14. h4 Qa5
15. Qxa5 Nxa5 16. h5 Rf4 17. Rh4 Rxh4 18. Nxh4 Rf8 19. f3 Nac6 20. Re1 Be8 21.
g4 g5 22. hxg6 Kg7 23. b4 a6 24. a4 Bxg6 25. Nxg6 Nxg6 26. Bxg6 Kxg6 27. b5 Nd8
28. Nd4 Rf4 29. Rd1 Kf7 30. Kc2 axb5 31. axb5 h5 32. Kd3 Kg6 33. Ke3 Rf8 34.
gxh5+ Kxh5 35. Rc1 Kg6 36. b6 Rf7 37. Rc7 Rh7 38. Rc8 Nc6 39. Nxc6 bxc6 40. Rxc6
Kf5 41. Rc7 Rh1 42. b7 Rb1 43. Kd4 Rb4+ 44. Kc5 Rb1 45. Kd6 Rb6+ 46. Kd7 Kxe5
47. Kc8 Kf4 48. Rf7+ Ke3 49. f4 d4 50. b8=Q Rxb8+ 51. Kxb8 d3 52. Kc7 d2 53. Rd7
Kxf4 54. Rxd2 e5 55. Rf2+ Ke3 56. Rh2 e4 57. Kd6 Kd3 58. Ke5 e3 59. Rh3 Kd2 60.
Kd4 e2 61. Rh2 Kd1 62. Rxe2 Kxe2 63. Ke4 1/2-1/2

[Event "25th Dubai Open A 2025"]
[Site "Dubai UAE"]
[Date "2025.06.03"]
[Round "8.30"]
[White "Ghimpu, Samuel-Timotei"]
[Black "Gaal, Zsoka"]
[Result "1-0"]
[WhiteTitle "IM"]
[BlackTitle "WGM"]
[WhiteElo "2421"]
[BlackElo "2395"]
[WhiteFideId "1238175"]
[BlackFideId "777765"]
[EventDate "2025.05.27"]

1. d4 e6 2. c4 b6 3. e4 Bb4+ 4. Nc3 Bb7 5. Qc2 Qh4 6. Bd3 f5 7. Kf1 Bxc3 8. Nf3
Qh5 9. bxc3 Ne7 10. Ba3 d6 11. Re1 O-O 12. c5 dxc5 13. dxc5 fxe4 14. Bxe4 Bxe4
15. Qxe4 Nbc6 16. cxb6 Qb5+ 17. Kg1 e5 18. Bxe7 Nxe7 19. bxc7 Rac8 20. Ng5 Ng6
21. h4 Rxc7 22. Nxh7 Rf4 23. Qxg6 Qc5 24. Rf1 Rc6 25. Qc2 e4 26. Ng5 e3 27. Qh7+
Kf8 28. Qh8+ Ke7 29. Qxg7+ Kd8 30. Rd1+ Kc8 31. Qd7+ Kb8 32. Qe8+ 1-0

[Event "25th Dubai Open A 2025"]
[Site "Dubai UAE"]
[Date "2025.06.03"]
[Round "8.31"]
[White "Tregubenko, Nikolay"]
[Black "Hayrapetyan, Hovik"]
[Result "1/2-1/2"]
[BlackTitle "GM"]
[WhiteElo "2277"]
[BlackElo "2423"]
[WhiteFideId "34358978"]
[BlackFideId "13302639"]
[EventDate "2025.05.27"]

1. e4 c5 2. Nf3 d6 3. d4 cxd4 4. Nxd4 Nf6 5. Nc3 a6 6. Bg5 Nbd7 7. Be3 e5 8. Nf5
Nb6 9. Qf3 g6 10. Bxb6 Qxb6 11. Ne3 Be7 12. O-O-O Be6 13. Bc4 Rc8 14. Bb3 O-O
15. Rd3 Kg7 16. h4 h5 17. Rhd1 Qd8 18. g3 b5 19. Qg2 b4 20. Ncd5 Nxd5 21. Nxd5
a5 22. Kb1 Rc5 23. f3 Bxd5 24. Rxd5 Rxd5 25. Bxd5 a4 26. Rd3 Qb6 27. Qf1 Rc8 28.
Qe1 Bd8 29. Qe3 Qxe3 30. Rxe3 Bb6 31. Re2 a3 32. g4 axb2 33. Kxb2 Rc3 34. gxh5
Rxf3 35. Rg2 Bd4+ 36. Kc1 Rh3 37. Rg4 Rh1+ 38. Kd2 Bf2 39. h6+ Kxh6 1/2-1/2

[Event "25th Dubai Open A 2025"]
[Site "Dubai UAE"]
[Date "2025.06.03"]
[Round "8.32"]
[White "Vivaan Vishal Shah"]
[Black "Raahul, V S"]
[Result "1-0"]
[WhiteTitle "FM"]
[BlackTitle "IM"]
[WhiteElo "2410"]
[BlackElo "2378"]
[WhiteFideId "25184237"]
[BlackFideId "25035525"]
[EventDate "2025.05.27"]

1. e4 e6 2. d4 d5 3. Nc3 Bb4 4. e5 c5 5. a3 Bxc3+ 6. bxc3 Ne7 7. a4 Qc7 8. Nf3
b6 9. Bb5+ Bd7 10. Bd3 Nbc6 11. O-O h6 12. h4 f6 13. Re1 a5 14. Ba3 c4 15. Bd6
Qb7 16. exf6 gxf6 17. Bf1 Nf5 18. Bf4 h5 19. g3 O-O-O 20. Qd2 Nce7 21. Reb1 Qc6
22. Ra2 Kb7 23. Qc1 Nc8 24. Nd2 Nfe7 25. Qa3 Ka7 26. Rab2 Ng6 27. Nxc4 Nxf4 28.
Nxb6 Ng6 29. Nxd5 Nce7 30. Rb7+ Ka8 31. Nc7+ 1-0